1282 1229 1463 1635 1872 1109 1926 1344 1077 1301 1286 1594 1923 1576 1757 1807 1857 1431 1499 1981 1602 1809 1319 1938 1291 1507 1056 1954 1785 1713 1876 1580 1556 1052 1075 1424 1122 1205 1385 1837 1381 1254 1445 1418 1739 1772 1650 1346 1361 1259 1431 1115 1917 1995 1463 1980 1175 1282 1442 1851 1831 1795 1974 1685 1539 1773 1628 1523 1207 1847 1349 1515 1059 1145 1498 1683 1619 1808 1618 1928 1437 1127 1587 1610 1168 1465 1283 1042 1778 1845 1184 1604 1004 1395 1906 1780 1022 1408 1558 BCNSPRNW ULIB Ver.6.0+V

เปลี่ยนเป็นภาษาไทย

Change to English
 แสดงรายละเอียดบรรณานุกรม
  กลับหน้าหลัก

Brief Record : Get Marc (ISO 2709) : E-mail record : QR code < ปิดหน้าต่าง
LEADER : 00000nam 2200000uu 4500
001    13399126380
003     ULIB
008    180911s2561||||th 000 0 tha d
020    ^a9786164558694
060    ^aWI770 ย127ศ
100    ^aยงยุทธ ศิริวัฒนอักษร
245    ^aศัลยศาสตร์ปลูกถ่ายตับ LIVER TRANSPLANTATION
250    ^aพิมพ์ครั้งที่ 1
260    ^aกรุงเทพฯ :^bโรงพิมพ์เดือนตุลา,^c2561
300    ^a340 หน้า^bภาพประกอบ, ตาราง, ภาคผนวก
650    ^aตับ^xการปลูกถ่าย
650    ^aศัลยกรรม^xตับ
945    ^p1300^l0^i26612
945    ^p1300^l0^i26611
999    ^aกัณชพร จุลอักษร
รายการนี้ยังไม่มีแท็ก
คุณยังไม่ได้ล็อกอิน คุณสามารถมีกิจกรรมร่วมกับเว็บไซต์ได้ แต่ต้องล็อกอินก่อน ::
  ล็อกอิน

รายการสื่อสารสนเทศ

ลำดับที่ ประเภท เลขเรียก/บาร์โค้ด สถานที่ สถานะ
1. หนังสือสำรอง
หนังสือสำรอง
WI770 ย127ศ ฉ.1 
  Barcode: 26611
ห้องสมุดวิทยาเขตนครสวรรค์
►หนังสือทั่วไป:l:General Books
บนชั้น
2. วิทยาศาสตร์การแพทย์ และสุขภาพ
วิทยาศาสตร์การแพทย์ และสุขภาพ
WI770 ย127ศ ฉ.2 
  Barcode: 26612
ห้องสมุดวิทยาเขตนครสวรรค์
►หนังสือทั่วไป:l:General Books
บนชั้น

รายการใกล้เคียง
    ชื่อเรื่อง [ศัลยศาสตร์ปลูกถ่ายตับ LIVER TRANSPLANTATION]

    ผู้แต่ง [ยงยุทธ ศิริวัฒนอักษร]

BibComment


ยังไม่เคยถูกคอมเมนท์

คอมเมนท์ทรัพยากรรายการนี้
  คอมเมนท์: ศัลยศาสตร์ปลูกถ่..


 Copyright 2026. Bcnsprnw @Library